000 00541nam a2200181 i 4500
001 136609
003 ES-MaACL
005 20230906195159.0
007 t|
008 070214s1968 sp r ||||1| spa d
100 1 _aSáez, Armando.
_9101346
245 1 3 _aLa población de Barcelona en 1863 y 1960 /
_cArmando Sáez Buesa.
260 _aMadrid :
_bMoneda y Crédito,
_c1968.
300 _a95 p. :
_bil. ;
_c23 cm.
500 _aPrecede al Tit : Banco Urquijo.
710 2 _aBanco Urquijo.
_92138
852 _aES-MaACL
_jC-37100
_bR.67257
999 _c136609
_d136609